000 00259nam a2200121Ia 4500
008 190216s9999||||xx |||||||||||||| ||und||
100 _aLaxman R K
245 4 _aThe Best Of Laxman
260 _bMacmillan
300 _a224
650 _aEnglish
942 _cBK
999 _c13720
_d13720